| 000 | 01073nam a2200217 i 4500 | ||
|---|---|---|---|
| 001 | 120524 | ||
| 003 | ES-MaACL | ||
| 005 | 20231220202823.0 | ||
| 007 | t| | ||
| 008 | 070214s1910 sp abf r ||||1| spa d | ||
| 080 | _a351.77(671.8) | ||
| 110 | 1 |
_aEspaña. _bMinisterio de Estado. _bSección Colonial. _93867 |
|
| 245 | 1 | 0 |
_aInforme de la Comisión del Instituto Nacional de Higiene de Alfonso XIII, enviada a las posesiones españolas del Golfo de Guinea, para el estudio de la enfermedad del sueño y de las condiciones sanitarias de la colonia / _cpublicada por Real Orden de 21 de abril de 1910 bajo la dirección del dr. Gustavo Pittaluga... ; prólogo de ... Santiago Ramón y Cajal. |
| 260 |
_aMadrid : _b[s.n.], _c1910 ( _fImp. Artística de J. Blass y Cía.) |
||
| 300 |
_a442 p. , lám. col. y n. : _bil., mapas ; _c28 x 20 cm. |
||
| 650 | 4 |
_aSalud pública- _zGuinea Ecuatorial. _9148608 |
|
| 700 | 1 |
_aPittaluga, Gustavo, _d1876-1956 _9155591 |
|
| 700 | 1 |
_aRamón y Cajal, Santiago, _d1852-1934 _9226468 |
|
| 852 |
_aES-MaACL _jF-126 |
||
| 999 |
_c120524 _d120524 |
||